00567nam a2200181Ia 4500003000900000008004100009040001600050080001700066100002300083245010500106260003300211300001600244650004100260650001900301650002700320650001600347700002200363IN-BaIIA211028s9999 xx 000 0 eng d cIIA Library a51:62bCHI-5 aChirgwin, Brian H. 2aA course of mathematics for engineers and scientistsbvol. 5cBrian H. Chirgwin and Charles Plumpton aOxfordbPergamon Pressc1964 aviii, 202p. aAstronomy and astrophysics thesaurus aFourier series aLaplace transformation aMathematics aPlumpton, Charles